000 00751nam a22002417a 4500
001 BR9001787
003 BR-BrBNA
005 20230928093421.0
007 ta
008 230509b bl.||||| |||| 00| 0 por d
040 _aBR-BrBNA
_bpor
_cBiblioteca Nacional de Agricultura
041 _a(Por)
072 _aH10; H20
_b3870
090 _ 3870 BR9001787
110 1 _aSecretaria Nacional de Defesa Agropecuaria, Brasilia, DF (Brasil). Secretaria de Defesa Sanitaria Vegetal
_99194
245 1 _aSumula das recomendacoes aprovadas para os produtos fitossanitarios. v. 4
260 3 _aBrasilia, DF (Brasil):
_c1989.
300 _a235 p.
650 _aPESTICIDA
650 _aDEFESA VEGETAL
909 _a202309
_bLucia
_c55
_dLucia Elande
942 _cBK
999 _c44867
_d44867